| 000 | 00603nam a2200229Ia 4500 | ||
|---|---|---|---|
| 003 | OSt | ||
| 005 | 20221006163918.0 | ||
| 006 | a|||||r|||| 00| 0 | ||
| 007 | ta | ||
| 008 | 221006b |||||||| |||| 00| 0 eng d | ||
| 024 | _a3,512 | ||
| 037 | _cTextual | ||
| 040 |
_aFML _cFML _beng |
||
| 041 |
_2eng _aeng |
||
| 082 | _aNR44:g, Q5 | ||
| 100 |
_aBanerjel Utpal k Au. _9676187 |
||
| 245 | 0 | _aMusic in Indian Perspective | |
| 260 |
_aGurgaon _bShubhi Pulication _c2015 |
||
| 300 |
_a94 _ccm. |
||
| 942 |
_hNR44:g, Q5 _cTEXL _2CC |
||
| 999 |
_c1115709 _d1115709 |
||